Temperature control SL Range: Single Temperature.

Uložené v:
Podrobná bibliografia
Médium: Kniha
Jazyk:Slovak
English
Vydané: [2010].
Vydanie:1. vyd.
Témy:
On-line prístup:http://www.thermoking.com
http://www.ingersollrand.com
Fyzický popis: 8 s.
Tagy: Pridať tag
Žiadne tagy, Buďte prvý kto otaguje tento záznam!

MARC

LEADER 00000nam#a22000003a#4500
001 000364708
003 SVKKK
005 20100913142254.0
008 071207s2010 xo |||| 0 slo#d
040 |a SVK  |b slo  |c SVK  |e AACR2 
041 0 # |a eng 
044 |a ie  |c IE 
080 |a 62-71  |2 2001 
110 2 |a THERMO KING Corporation, Ingersoll-Rand Company  |c Monivea Road, Mervue, Galway, Írsko  |4 mfr 
245 1 0 |a Temperature control SL Range: Single Temperature. 
250 |a 1. vyd. 
260 # |c [2010]. 
300 |a 8 s. 
655 7 |a firemné prospekty  |2 SNKPH 
856 4 1 |u http://www.thermoking.com 
856 4 1 |u http://www.ingersollrand.com 
910 |a svkkk 
998 |a FL 
090 |g SCKHL  |k SK42  |a 62-71  |j 221314  |i 221314  |4 zastaraná  |s Vyradená